Statistics for Movies where Keanu Reeves plays 'John'

Click here to take the quiz!

General Stats

  • This quiz has been taken 52 times
  • The average score is 4 of 9

Answer Stats

HintAnswer% Correct
JohnJohn Wick
97%
JackSpeed
59%
JohnnyPoint Break
56%
JohnnyJohnny Mnemonic
41%
JohnConstantine
38%
Don JohnMuch Ado About Nothing
28%
JjaksFeeling Minnesota
21%
JohnJohn Wick: Chapter 2
21%
JohnGeneration Um...
18%

Score Distribution

Percentile by Number Answered

Percent of People with Each Score

Your Score History

You have not taken this quiz